Introduction to probability

Đã lưu trong:
書目詳細資料
主要作者: Charles Miller Grinstead
格式: 圖書
語言:Undetermined
出版: Rhode Island, USA American Mathematical Society 1997
主題:
標簽: 添加標簽
沒有標簽, 成為第一個標記此記錄!
Thư viện lưu trữ: Trung tâm Học liệu Trường Đại học Cần Thơ
LEADER 00528nam a2200181Ia 4500
001 CTU_59811
008 210402s9999 xx 000 0 und d
082 |a 519.2 
082 |b G866 
100 |a Charles Miller Grinstead 
245 0 |a Introduction to probability 
245 0 |c Charles Miller Grinstead and James Laurie Snell 
260 |a Rhode Island, USA 
260 |b American Mathematical Society 
260 |c 1997 
650 |a probabilities 
904 |i Minh 
980 |a Trung tâm Học liệu Trường Đại học Cần Thơ